Revising green infrastructure : (Record no. 7786)

000 -LEADER
fixed length control field 01359cam a2200253 i 4500
003 - CONTROL NUMBER IDENTIFIER
control field OSt
005 - DATE AND TIME OF LATEST TRANSACTION
control field 20200521122811.0
008 - FIXED-LENGTH DATA ELEMENTS--GENERAL INFORMATION
fixed length control field 141002s2015 flua b 001 0 eng
020 ## - INTERNATIONAL STANDARD BOOK NUMBER
International Standard Book Number 9781482232202 (hardback)
082 00 - DEWEY DECIMAL CLASSIFICATION NUMBER
Classification number 712.2CZE
Edition number 23
245 00 - TITLE STATEMENT
Title Revising green infrastructure :
Remainder of title concepts between nature and design /
Statement of responsibility, etc edited by Daniel Czechowski, Thomas Hauck, and Georg Hausladen.
300 ## - PHYSICAL DESCRIPTION
Extent xxiv, 464 pages :
Other physical details color illustrations, color maps ;
Dimensions 25 cm
504 ## - BIBLIOGRAPHY, ETC. NOTE
Bibliography, etc Includes bibliographical references and index.
505 0# - FORMATTED CONTENTS NOTE
Formatted contents note Function and Process -- Culture and Specificity -- Governance and Instruments -- Applied Design
520 ## - SUMMARY, ETC.
Summary, etc "This book addresses the theme of "green infrastructure" from the perspective of landscape architecture. It brings together the work of selected ecologists, engineers, and landscape architects who discuss a variety of theoretical aspects, research projects, teaching methods, and best practice examples in green infrastructure"--
650 #0 - SUBJECT ADDED ENTRY--TOPICAL TERM
Topical term or geographic name as entry element City planning
General subdivision Environmental aspects.
650 #0 - SUBJECT ADDED ENTRY--TOPICAL TERM
Topical term or geographic name as entry element Landscape architecture.
650 #0 - SUBJECT ADDED ENTRY--TOPICAL TERM
Topical term or geographic name as entry element Urban ecology (Biology)
650 #0 - SUBJECT ADDED ENTRY--TOPICAL TERM
Topical term or geographic name as entry element Sustainable urban development.
650 #7 - SUBJECT ADDED ENTRY--TOPICAL TERM
Topical term or geographic name as entry element NATURE / Ecology.
Source of heading or term bisacsh
650 #7 - SUBJECT ADDED ENTRY--TOPICAL TERM
Topical term or geographic name as entry element TECHNOLOGY & ENGINEERING / Civil / General.
Source of heading or term bisacsh
650 #7 - SUBJECT ADDED ENTRY--TOPICAL TERM
Topical term or geographic name as entry element TECHNOLOGY & ENGINEERING / Environmental / General.
Source of heading or term bisacsh
942 ## - ADDED ENTRY ELEMENTS (KOHA)
Source of classification or shelving scheme
Holdings
Withdrawn status Lost status Source of classification or shelving scheme Damaged status Koha normalized classification for sorting Not for loan Permanent location Current location Date acquired Full call number Barcode Date last seen Price effective from Koha item type
        712_000000000000000_2CZE   BMS College of Architecture, Design and Planning BMS College of Architecture, Design and Planning 2020-05-21 712.2CZE AR-UG1420 2020-05-21 2020-05-21 UG Books
Copyright © 2025, The Librarian, Library and Information Centre, BMSCA D&P, Bengaluru. All Rights Reserved
web counter

Powered by Koha